Einwohnerreichste Länder im Jahr 1800 - Statistiken

Allgemein
  • Dieses Quiz wurde 121 mal gespielt
  • Das Durchschnittsergebnis liegt bei 13 aus 20
Antwortstatistiken
Einwohner Land oder Reich % Korrekt
328 Mio. China
96%
35 Mio. Russisches Kaiserreich
94%
5,3 Mio. Vereinigte Staaten
93%
38 Mio. Französisches Reich
92%
115 Mio. Britisches Weltreich
90%
25 Mio. Spanisches Reich
89%
29 Mio. Japan
85%
75 Mio. Marathareich
84%
9,3 Mio. Portugiesisches Reich
77%
26 Mio. Osmanisches Reich
76%
23 Mio. Habsburgerreich
66%
3,5 Mio. Persien
66%
6,2 Mio. Niederländisches Reich
64%
11 Mio. Preußen
52%
9,5 Mio. Joseon
51%
4,2 Mio. Siam
47%
24 Mio. Heiliges römisches Reich
38%
6,5 Mio. Annam
22%
6,7 Mio. Königreich beider Sizilien
16%
3,2 Mio. Birma
15%
Keine übereinstimmenden Quizze gefunden
Verteilung der Resultate
Anzahl Personen mit jedem Resultat
Perzentil nach korrekt beantworteten Fragen
Ihre Resultats-Entwicklung
Sie haben dieses Quiz noch nicht gespielt